Statistics for Just Look Up Lyrics - Ariana Grande & Kid Cudi

Click here to take the quiz!

General Stats

  • This quiz has been taken 46 times
    (42 since last reset)
  • The average score is 246 of 312

Answer Stats

Answer% Correct
a
100%
no
100%
the
100%
you
100%
you,
100%
You
100%
go
97%
Chorus | Chorus AGJust
97%
just
97%
look
97%
Verse 3 AGLook
97%
of
97%
there
97%
to
97%
up,
97%
up
97%
all
94%
And
94%
and
94%
every
94%
for
94%
heart,
94%
heart
94%
I
94%
I,
94%
it
94%
me
94%
on
94%
so
94%
with
94%
hide
91%
in
91%
knew
91%
love
91%
my
91%
never
91%
place
91%
say,
91%
we
91%
Verse 1 AGWe
91%
Your
91%
your
91%
but
88%
can
88%
feel
88%
is
88%
it's
88%
It's
88%
let
88%
memory
88%
one
88%
out
88%
soon
88%
Pre-ChorusThen
88%
then
88%
what
88%
against
84%
die
84%
goodbyes,
84%
haunted
84%
sound
84%
speed
84%
Take
84%
deny
81%
don't
81%
Don't
81%
down
81%
dumb
81%
eyes,
81%
hold
81%
takes
81%
takes,
81%
that
81%
tight
81%
about
78%
above
78%
doesn't
78%
fire
78%
holds
78%
I'm
78%
lets
78%
part
78%
Riding
78%
right
78%
says
78%
signs
78%
true
78%
at
75%
(baby)
75%
baby
75%
bounds
75%
Fell
75%
more
75%
odds,
75%
ourselves
75%
Time
75%
time
75%
'cause
72%
flames
72%
get
72%
off
72%
put
72%
shit
72%
this
72%
wait
72%
you're
72%
cannot
69%
can't
69%
come
69%
everybody
69%
locked
69%
news
69%
real
69%
really
69%
arms
66%
ass
66%
Celebrate
66%
cry
66%
fucked
66%
hand,
66%
hand
66%
head
66%
he's
66%
listen
66%
made
66%
mess
66%
oh,
66%
oh
66%
or
66%
through
66%
alright
63%
been
63%
everything
63%
goddamn
63%
happening
63%
heat
63%
I've
63%
pride
63%
qualified
63%
they're
63%
tomorrow
63%
turn
63%
whatever
63%
(yeah)
63%
(Yeah)
63%
close,
59%
forever
59%
glad
59%
Verse 2 KC
& AG
Know
59%
like
59%
man
59%
pray,
59%
there's
59%
act
56%
FOX
56%
have
56%
here
56%
matters
56%
may
56%
scientist,
56%
waitin'
56%
yes,
56%
big
53%
much
53%
needed
53%
(Ooh,
53%
ooh,
53%
(ooh)
53%
probably
53%
tryna
53%
dealin'
50%
leave
50%
sorry,
50%
left
47%
comes
44%
could
44%
I'll
44%
not
44%
truthfully,
44%
Wasn't
44%
lose
41%
now
41%
precious,
41%
ima
34%
(Uh-
34%
heal
31%
(hmm)
28%
huh)
25%
think
19%
manners
16%
n***a
16%
ah-ah)
9%
savage,
9%

Score Distribution

Percentile by Number Answered

Percent of People with Each Score

Your Score History

You have not taken this quiz since the last reset